Grundriss der physiologischen Chemie für Veterinarmediziner, Humanmediziner und Biologen /

Uložené v:
Podrobná bibliografia
Hlavný autor: Schenck, Martin
Médium: Kniha
Jazyk:German
Vydané: Jena : Gustav Fischer Verlag, 1959.
Vydanie:3. Aufl.
ISBN: (viaz.)
Fyzický popis: xiv, 332 s. : tab.
Tagy: Pridať tag
Žiadne tagy, Buďte prvý kto otaguje tento záznam!

MARC

LEADER 00000nam a2200000 4500
001 000469821
005 20150517165020.0
008 111116s1959 gw l e 001 0 ger d
020 |a (viaz.)  |c Kčs 52,00 
040 |a SVKKK  |b slo  |c SVKKK  |e AACR2 
041 0 |a ger 
044 |a gw  |c DE 
100 1 |a Schenck, Martin 
245 1 0 |a Grundriss der physiologischen Chemie für Veterinarmediziner, Humanmediziner und Biologen /  |c begründet von Martin Schenck. 
250 |a 3. Aufl. 
260 |a Jena :  |b Gustav Fischer Verlag,  |c 1959. 
300 |a xiv, 332 s. :  |b tab. 
504 |a Register 
910 |a svkkk 
998 |a BK 
090 |g SCKHL  |k Sklad Pribinova 1. posch.  |a IV.21056  |j 184534  |i 469821-10  |s Prezenčne